000 00637nam a2200205Ii 4500
003 JO-AjNU
008 230605s9999||||xx |||||||||||||| ||und||
040 _aJO-AjNU
_bara
_erda
_cJO-AjNU
041 _aara
050 1 4 _aPJ7864 1989
100 3 _aسراي الدين،وهيب,
_eauthor
_915680
245 0 0 _aسلاما يا ظهر الجبل: رواية
250 _aط1
264 3 1 _aدمشق: إتحاد الكتاب العرب، 1989
300 _a236ص
336 _atext
_btxt
_2rdacontent
337 _aunmediated
_bn
_2rdamedia
338 _avolume
_bnc
_2rdacarrier
650 4 _aالأدب العربي - روايات
_915681
999 _aA4484
_c8052
_d8052